<?xml version="1.0" encoding="UTF-8"?>
<record
    xmlns:xsi="http://www.w3.org/2001/XMLSchema-instance"
    xsi:schemaLocation="http://www.loc.gov/MARC21/slim http://www.loc.gov/standards/marcxml/schema/MARC21slim.xsd"
    xmlns="http://www.loc.gov/MARC21/slim">

  <leader>00352nam a2200157Ia 4500</leader>
  <controlfield tag="008">191201s2010    xx            000 0 und d</controlfield>
  <datafield tag="020" ind1=" " ind2=" ">
    <subfield code="a">9780070669123</subfield>
  </datafield>
  <datafield tag="082" ind1=" " ind2=" ">
    <subfield code="a">510</subfield>
    <subfield code="b">LID</subfield>
  </datafield>
  <datafield tag="100" ind1=" " ind2=" ">
    <subfield code="a">LIPCHUTZ,Seymour</subfield>
  </datafield>
  <datafield tag="245" ind1=" " ind2="0">
    <subfield code="a">Discrete Mathematics</subfield>
  </datafield>
  <datafield tag="250" ind1=" " ind2=" ">
    <subfield code="a">3rd</subfield>
  </datafield>
  <datafield tag="260" ind1=" " ind2=" ">
    <subfield code="c">2010</subfield>
    <subfield code="b">TMH</subfield>
    <subfield code="a">N. delhi</subfield>
  </datafield>
  <datafield tag="300" ind1=" " ind2=" ">
    <subfield code="a">MISC</subfield>
  </datafield>
  <datafield tag="650" ind1=" " ind2=" ">
    <subfield code="a">MCA</subfield>
  </datafield>
  <datafield tag="942" ind1=" " ind2=" ">
    <subfield code="2">ddc</subfield>
    <subfield code="c">BB</subfield>
  </datafield>
  <datafield tag="999" ind1=" " ind2=" ">
    <subfield code="c">7452</subfield>
    <subfield code="d">7452</subfield>
  </datafield>
  <datafield tag="952" ind1=" " ind2=" ">
    <subfield code="0">0</subfield>
    <subfield code="1">0</subfield>
    <subfield code="2">ddc</subfield>
    <subfield code="4">0</subfield>
    <subfield code="7">0</subfield>
    <subfield code="8">MCA</subfield>
    <subfield code="a">PIET</subfield>
    <subfield code="b">PIET</subfield>
    <subfield code="d">2011-10-01</subfield>
    <subfield code="e">UBS pub and dis ltd n. delhi</subfield>
    <subfield code="g">385.00</subfield>
    <subfield code="k">IN1237</subfield>
    <subfield code="l">1</subfield>
    <subfield code="o">510 LID</subfield>
    <subfield code="p">BB7249</subfield>
    <subfield code="q">2021-12-03</subfield>
    <subfield code="r">2021-11-19 00:00:00</subfield>
    <subfield code="s">2021-11-19</subfield>
    <subfield code="w">2011-10-01</subfield>
    <subfield code="y">BB</subfield>
  </datafield>
  <datafield tag="952" ind1=" " ind2=" ">
    <subfield code="0">0</subfield>
    <subfield code="1">0</subfield>
    <subfield code="2">ddc</subfield>
    <subfield code="4">0</subfield>
    <subfield code="7">0</subfield>
    <subfield code="8">BCA</subfield>
    <subfield code="a">PIET</subfield>
    <subfield code="b">PIET</subfield>
    <subfield code="d">2020-06-30</subfield>
    <subfield code="e">UBS pub and dis ltd n. delhi</subfield>
    <subfield code="g">385.00</subfield>
    <subfield code="k">IN 2940 (2010-08-16)</subfield>
    <subfield code="l">3</subfield>
    <subfield code="o">510 LID</subfield>
    <subfield code="p">BC1472</subfield>
    <subfield code="r">2023-06-21 00:00:00</subfield>
    <subfield code="s">2023-06-09</subfield>
    <subfield code="v">228.65</subfield>
    <subfield code="w">2020-06-30</subfield>
    <subfield code="y">BK</subfield>
    <subfield code="z">Transfer BooK Bank to Main</subfield>
  </datafield>
  <datafield tag="952" ind1=" " ind2=" ">
    <subfield code="0">0</subfield>
    <subfield code="1">0</subfield>
    <subfield code="2">ddc</subfield>
    <subfield code="4">0</subfield>
    <subfield code="7">0</subfield>
    <subfield code="8">BCA</subfield>
    <subfield code="a">PIET</subfield>
    <subfield code="b">PIET</subfield>
    <subfield code="d">2020-06-30</subfield>
    <subfield code="e">UBS pub and dis ltd n. delhi</subfield>
    <subfield code="g">385.00</subfield>
    <subfield code="k">IN 2940 (2010-08-16)</subfield>
    <subfield code="l">2</subfield>
    <subfield code="o">510 LID</subfield>
    <subfield code="p">BC1473</subfield>
    <subfield code="q">2026-06-18</subfield>
    <subfield code="r">2026-06-04 12:56:15</subfield>
    <subfield code="s">2026-06-04</subfield>
    <subfield code="v">228.65</subfield>
    <subfield code="w">2020-06-30</subfield>
    <subfield code="y">BK</subfield>
    <subfield code="z">Transfer BooK Bank to Main</subfield>
  </datafield>
  <datafield tag="952" ind1=" " ind2=" ">
    <subfield code="0">0</subfield>
    <subfield code="1">0</subfield>
    <subfield code="2">ddc</subfield>
    <subfield code="4">0</subfield>
    <subfield code="7">0</subfield>
    <subfield code="8">BCA</subfield>
    <subfield code="a">PIET</subfield>
    <subfield code="b">PIET</subfield>
    <subfield code="d">2020-06-30</subfield>
    <subfield code="e">UBS pub and dis ltd n. delhi</subfield>
    <subfield code="g">385.00</subfield>
    <subfield code="k">14197 (2012-10-19)</subfield>
    <subfield code="l">5</subfield>
    <subfield code="o">510 LID</subfield>
    <subfield code="p">BC1474</subfield>
    <subfield code="r">2025-06-10 00:00:00</subfield>
    <subfield code="s">2025-06-06</subfield>
    <subfield code="v">273.36</subfield>
    <subfield code="w">2020-06-30</subfield>
    <subfield code="y">BK</subfield>
    <subfield code="z">Transfer BooK Bank to Main</subfield>
  </datafield>
  <datafield tag="952" ind1=" " ind2=" ">
    <subfield code="0">0</subfield>
    <subfield code="1">0</subfield>
    <subfield code="2">ddc</subfield>
    <subfield code="4">0</subfield>
    <subfield code="7">0</subfield>
    <subfield code="8">BCA</subfield>
    <subfield code="a">PIET</subfield>
    <subfield code="b">PIET</subfield>
    <subfield code="d">2020-06-30</subfield>
    <subfield code="e">UBS pub and dis ltd n. delhi</subfield>
    <subfield code="g">385.00</subfield>
    <subfield code="k">IN 4260 (2010-09-25)</subfield>
    <subfield code="l">1</subfield>
    <subfield code="o">510 LID</subfield>
    <subfield code="p">BC1475</subfield>
    <subfield code="r">2024-05-09 00:00:00</subfield>
    <subfield code="s">2024-04-26</subfield>
    <subfield code="v">229.81</subfield>
    <subfield code="w">2020-06-30</subfield>
    <subfield code="y">BK</subfield>
    <subfield code="z">Transfer BooK Bank to Main</subfield>
  </datafield>
  <datafield tag="952" ind1=" " ind2=" ">
    <subfield code="0">0</subfield>
    <subfield code="1">0</subfield>
    <subfield code="2">ddc</subfield>
    <subfield code="4">0</subfield>
    <subfield code="7">0</subfield>
    <subfield code="8">BCA</subfield>
    <subfield code="a">PIET</subfield>
    <subfield code="b">PIET</subfield>
    <subfield code="d">2020-06-30</subfield>
    <subfield code="e">UBS pub and dis ltd n. delhi</subfield>
    <subfield code="g">385.00</subfield>
    <subfield code="k">IN 4260 (2010-09-25)</subfield>
    <subfield code="l">0</subfield>
    <subfield code="o">510 LID</subfield>
    <subfield code="p">BC1476</subfield>
    <subfield code="r">2019-12-04 00:00:00</subfield>
    <subfield code="v">229.81</subfield>
    <subfield code="w">2020-06-30</subfield>
    <subfield code="y">BK</subfield>
    <subfield code="z">Transfer BooK Bank to Main</subfield>
  </datafield>
  <datafield tag="952" ind1=" " ind2=" ">
    <subfield code="0">0</subfield>
    <subfield code="1">0</subfield>
    <subfield code="2">ddc</subfield>
    <subfield code="4">0</subfield>
    <subfield code="7">0</subfield>
    <subfield code="8">BCA</subfield>
    <subfield code="a">PIET</subfield>
    <subfield code="b">PIET</subfield>
    <subfield code="d">2020-06-30</subfield>
    <subfield code="e">UBS pub and dis ltd n. delhi</subfield>
    <subfield code="g">385.00</subfield>
    <subfield code="k">IN 4260 (2010-09-25)</subfield>
    <subfield code="l">8</subfield>
    <subfield code="o">510 LID</subfield>
    <subfield code="p">BC1477</subfield>
    <subfield code="r">2026-04-21 12:20:30</subfield>
    <subfield code="s">2026-04-14</subfield>
    <subfield code="v">229.81</subfield>
    <subfield code="w">2020-06-30</subfield>
    <subfield code="y">BK</subfield>
    <subfield code="z">Transfer BooK Bank to Main</subfield>
  </datafield>
  <datafield tag="952" ind1=" " ind2=" ">
    <subfield code="0">0</subfield>
    <subfield code="1">0</subfield>
    <subfield code="2">ddc</subfield>
    <subfield code="4">0</subfield>
    <subfield code="7">0</subfield>
    <subfield code="8">MCA</subfield>
    <subfield code="a">PIET</subfield>
    <subfield code="b">PIET</subfield>
    <subfield code="d">2021-01-30</subfield>
    <subfield code="e">UDH</subfield>
    <subfield code="f">Indian Rup</subfield>
    <subfield code="g">385.00</subfield>
    <subfield code="k">IN1237</subfield>
    <subfield code="l">1</subfield>
    <subfield code="o">510 LID</subfield>
    <subfield code="p">BB7252</subfield>
    <subfield code="q">2021-12-03</subfield>
    <subfield code="r">2021-11-19 00:00:00</subfield>
    <subfield code="s">2021-11-19</subfield>
    <subfield code="w">2011-10-01</subfield>
    <subfield code="y">BB</subfield>
  </datafield>
</record>
